Sports Quiz

Random Sports or Baseball Quiz

1972 Topps Baseball Boston Red Sox Quiz Stats

 Plays Quiz not verified by Sporcle

Challenge
Share
Tweet
Embed
Score 0/33 Timer 08:00
0 Plays Today
Pos. Player/Manager % Correct
CCarlton Fisk
96.8%
OFCarl Yastrzemski
90.5%
3BRico Petrocelli
85.7%
OFReggie Smith
81%
PBill Lee
68.3%
SSLuis Aparicio
66.7%
1BCecil Cooper
63.5%
CBob Montgomery
60.3%
2BDoug Griffin
54%
TEAMBoston Red Sox Team
54%
PSparky Lyle
46%
1BDanny Cater
44.4%
OFTommy Harper
44.4%
PRay Culp
44.4%
PSonny Siebert
42.9%
MGREddie Kasko
42.9%
1BRick Miller
41.3%
Pos. Player/Manager % Correct
PMarty Pattin
36.5%
PGary Peters
36.5%
PRogelio Moret
34.9%
PBobby Bolin
30.2%
INFJohn Kennedy
28.6%
OFBen Oglivie
28.6%
CDuane Josephson
25.4%
INFPhil Gagliano
25.4%
PKen Tatum
17.5%
PMike Nagy
17.5%
PMike Garman
17.5%
PJohn Curtis
17.5%
1BMike Fiore
15.9%
INFBobby Pfeil
14.3%
OFBob Burda
14.3%
PLew Krausse
11.1%

You're not logged in!

Compare scores with friends on all Sporcle quizzes.
OR
Log In

You Might Also Like...

Show Comments

Extras

Top Quizzes Today


Score Distribution

Your Account Isn't Verified!

In order to create a playlist on Sporcle, you need to verify the email address you used during registration. Go to your Sporcle Settings to finish the process.

Report this User

Report this user for behavior that violates our Community Guidelines.

Details: